| 000 | 00786nam a2200301Ia 4500 | ||
|---|---|---|---|
| 008 | 171120s9999 xx 000 0 und d | ||
| 020 | _a9715692664 | ||
| 050 | _a291.1 | ||
| 050 | _bG672 1997 | ||
| 100 | _aGorospe, Vitaliano | ||
| 245 | _aForming the Filipino conscience / | ||
| 245 | _cby Vitaliano Gorospe. | ||
| 250 | _aSecond edition | ||
| 260 | _aMakati City : | ||
| 260 | _bBookmark, | ||
| 260 | _c1997 | ||
| 300 | _a299 pages : | ||
| 300 | _billustrations ; | ||
| 300 | _c25cm. | ||
| 500 | _aIncludes bibliography. | ||
| 650 | _aChristian sociology -- | ||
| 650 | _aChurch and social problems -- | ||
| 650 | _aSocial justice -- | ||
| 650 | _xPhilippines -- Catholic church. | ||
| 650 | _xPhilippines. | ||
| 650 | _xPhilippines. | ||
| 700 | _aTitle. | ||
| 999 |
_c345453 _d345453 |
||